=LDR 00000nam 2200000 4500 =001 INLIS000000000009998 =005 20130612101737 =008 ***********************************Ind** =035 ##$$0010-061300000009998 =041 ##$$a Ind =082 ##$$a 614.4 =090 ##$$a 614.4, Noo d =100 ##$$a Noor, N. Nasri =245 ##$$a Dasar epidemologi, Prof Dr. N. Nasri Noor, M.P.H =260 ##$$a 1997 $b Jakarta =300 ##$$a ix, 107 hlm, 21 cm =650 ##$$a Epidemologi =850 ##$$a NBPNMAT